Seas of Scandinavia - Statistics

General Stats
  • This quiz has been taken 52 times
  • The average score is 4 of 6
Answer Stats
Sea/Ocean % Correct
Baltic Sea
95%
North Sea
95%
Arctic Ocean
72%
Atlantic Ocean
60%
Norwegian Sea
51%
Barents Sea
40%
No matching quizzes found
Score Distribution
Percent of People with Each Score
Percentile by Number Answered
Your Score History
You have not taken this quiz